The Temple of Treasures: (Record no. 200941)

MARC details
000 -LEADER
fixed length control field 00598nam a22001937a 4500
005 - DATE AND TIME OF LATEST TRANSACTION
control field 20240220173421.0
010 ## - LCCN (DPL NO)
LC control number ENG-139397
020 ## - INTERNATIONAL STANDARD BOOK NUMBER
International Standard Book Number 9789391023176
Terms of availability 450.00
035 ## - SYSTEM CONTROL NUMBER
System control number EN-122929
037 ## - SOURCE OF ACQUISITION
Source of stock number/acquisition DBAD/PUB
082 ## - DEWEY DECIMAL CLASSIFICATION NUMBER
Classification number 883.08
Edition number 1
245 ## - TITLE STATEMENT
Title The Temple of Treasures:
Remainder of title And Other Incredible of Indian Monuments/
Statement of responsibility, etc By Viswanathan Anand
250 ## - EDITION STATEMENT
Edition statement 1
260 ## - PUBLICATION, DISTRIBUTION, ETC. (IMPRINT)
Place of publication, distribution, etc Gurugram
Name of publisher, distributor, etc Hachette India
Date of publication, distribution, etc 2022
270 ## - ADDRESS
City Gurugram
Address 4th & 5th Floor, Corporate Centre, Plot no-94,Sector-44
Postal code 122003
300 ## - PHYSICAL DESCRIPTION
Extent 263p.
Dimensions 22cm(pbk)
500 ## - GENERAL NOTE
General note
942 ## - ADDED ENTRY ELEMENTS (KOHA)
Source of classification or shelving scheme Dewey Decimal Classification
Item type English Books
Classification part 883.08
Call number suffix TEM
Holdings
Withdrawn status Lost status Not for loan Collection code Home library Current library Date acquired Source of acquisition Cost, normal purchase price Full call number Barcode Copy number Cost, replacement price Koha item type
      Non-fiction Bawana Bawana 20/02/2024 DBAD 450.00 883.08 TEM EN-122929 1 450.00 English Books

© Delhi Public Library
Hit Counter
free hit counter